Jack and the Beanstalk / (Record no. 8815)
[ view plain ]
| 000 -LEADER | |
|---|---|
| fixed length control field | 01418nam a22002777a 4500 |
| 001 - CONTROL NUMBER | |
| control field | 8815 |
| 003 - CONTROL NUMBER IDENTIFIER | |
| control field | FISKH |
| 005 - DATE AND TIME OF LATEST TRANSACTION | |
| control field | 20251021162121.0 |
| 008 - FIXED-LENGTH DATA ELEMENTS--GENERAL INFORMATION | |
| fixed length control field | 251021b cb ||||| |||| 00| 0 eng d |
| 020 ## - INTERNATIONAL STANDARD BOOK NUMBER | |
| International Standard Book Number | 033500713002 |
| 040 ## - CATALOGING SOURCE | |
| Original cataloging agency | FISKH |
| Language of cataloging | eng |
| Transcribing agency | FISKH |
| Modifying agency | FISKH |
| 050 ## - LIBRARY OF CONGRESS CALL NUMBER | |
| Classification number | PZ8.B188 J |
| 082 ## - DEWEY DECIMAL CLASSIFICATION NUMBER | |
| Classification number | 398.2 |
| 100 ## - MAIN ENTRY--PERSONAL NAME | |
| Personal name | Balducci, Rita |
| 245 ## - TITLE STATEMENT | |
| Title | Jack and the Beanstalk / |
| Statement of responsibility, etc. | Retold by Rita Balducci ; Illustrated by Richard Walz |
| 260 ## - PUBLICATION, DISTRIBUTION, ETC. | |
| Place of publication, distribution, etc. | New York : |
| Name of publisher, distributor, etc. | A Golden Book, |
| Date of publication, distribution, etc. | 1992. |
| 300 ## - PHYSICAL DESCRIPTION | |
| Extent | 24 unnumbered pages : |
| Other physical details | color illustrations ; |
| Dimensions | 20 cm |
| 505 ## - FORMATTED CONTENTS NOTE | |
| Formatted contents note | G<br/> |
| 520 ## - SUMMARY, ETC. | |
| Summary, etc. | Juvenile Fiction. Juvenile Literature. Folklore. HTML:"Fee-fi-fo-fum, I smell the blood of an Englishman!" When Jack buys some magic beans from a mysterious old man they grown into a giant beanstalk and lead him to a place he could never have imagined...including a giant's castle! With beautiful and charming illustrations to enjoy again and again, this simple retelling of the children's classic fairy tale is perfect for beginning readers.Parragon is the largest illustrated non-fiction publisher in the world and a global leader in innovative digital books for children in many languages. Welcome to the world of Parragon! |
| 521 8# - TARGET AUDIENCE NOTE | |
| Target audience note | 400<br/> |
| Source | Lexile estimate<br/> |
| 521 8# - TARGET AUDIENCE NOTE | |
| Target audience note | G<br/> |
| Source | Raz-Plus<br/> |
| 650 ## - SUBJECT ADDED ENTRY--TOPICAL TERM | |
| Topical term or geographic name entry element | Folk & Fairy Tales |
| Form subdivision | Picture book |
| 700 ## - ADDED ENTRY--PERSONAL NAME | |
| Personal name | Walz, Richard |
| Relator term | illustrator |
| 942 ## - ADDED ENTRY ELEMENTS (KOHA) | |
| Source of classification or shelving scheme | Dewey Decimal Classification |
| Koha item type | Books |
| Suppress in OPAC | No |
| Withdrawn status | Lost status | Source of classification or shelving scheme | Damaged status | Not for loan | Collection | Home library | Current library | Shelving location | Date acquired | Total Checkouts | Full call number | Barcode | Date last seen | Copy number | Price effective from | Koha item type |
|---|---|---|---|---|---|---|---|---|---|---|---|---|---|---|---|---|
| Dewey Decimal Classification | Juvenile Fiction | Footprints International School Library Network Toul Kork Campus | Footprints International School Library Network Toul Kork Campus | TK Primary Library Room(4th Floor), Bookcase 1&2, Shelves 1-16, Dark Blue Books | 10/21/2025 | BAL 398.2 PZ8.B188 J | FISBK00141 | 10/21/2025 | 1 | 10/21/2025 | Books |
